000 00987cam a2200193 4500
001 WB3720-18
008 000000n2001 000 0 eng u
035 _a(Sirsi) u112703
245 _aDerogation from grant
260 _c2001
490 _aEstates Gazette
_v[2001] 20 EG 227 (CS)
520 _a"Platt and others v London Underground Ltd" ChD 21 February 2001. The claimants (P) brought an action after they ceased to trade from a kiosk close to the southern exit of Goodge St, on which they had taken a took a 5 year lease, claiming that the defendant (L) had breached an implied covenant not to derogate from its grant by closing off the southern exit for a large portion of the station's opening hours. Held: L was liable, but not for the full £130,000 claimed by P.
590 _aWB
650 _aDEROGATION FROM GRANT
650 _aIMPLIED COVENANT
650 _aPLATT V LONDON UNDERGROUND LTD
690 _aLANDLORD AND TENANT-BUSINESS TENANCIES-CASE LAW
942 _n0
999 _c67094
_d67094